书目信息 |
| 题名: |
区块链
|
|
| 作者: | 安东诺普洛斯 著 ;林华 , 蔡长春 译 | |
| 分册: | ||
| 出版信息: | 北京 中信出版集团股份有限公司 2018.04 |
|
| 页数: | 340页 | |
| 开本: | 23cm | |
| 丛书名: | ||
| 单 册: | ||
| 中图分类: | F713.361.3 , F713.36 | |
| 科图分类: | ||
| 主题词: | 电子商务--支付方式--研究 | |
| 电子资源: | ||
| ISBN: | 978-7-5086-8208-2 | |
| 000 | 01131nam0 2200265 450 | |
| 001 | 56 | |
| 005 | 20180920165702.06 | |
| 010 | @a978-7-5086-8208-2@dCNY79.00 | |
| 100 | @a20180513d2018 em y0chiy50 ea | |
| 101 | 1 | @achi@ceng |
| 102 | @aCN@b110000 | |
| 105 | @ay z 000yy | |
| 200 | 1 | @a区块链@9qu kuai lian@e通往资产数字化之路@dMastering Bitcoin@eunlocking digital cryptocurrencies@f(美)安德烈亚斯·安东诺普洛斯(Andreas M. Antonopoulos)著@g林华,蔡长春译@zeng |
| 210 | @a北京@c中信出版集团股份有限公司@d2018.04 | |
| 215 | @a340页@d23cm | |
| 330 | @a本书分为十章,内容包括:欢迎来到比特币世界;比特币是如何工作的;比特币客户端;密山钥、地址、钱包;交易;比特币网络;区块链;挖矿与共识;替代链、替代币、应用程序;比特币安全。 | |
| 510 | 1 | @aMastering Bitcoin@eunlocking digital cryptocurrencies@zeng |
| 606 | 0 | @a电子商务@x支付方式@x研究 |
| 690 | @aF713.361.3@v5 | |
| 690 | @aF713.36@v4 | |
| 701 | 0 | @c(美)@a安东诺普洛斯@9an dong nuo pu luo si@c(Antonopoulos, Andreas M.)@4著 |
| 702 | 0 | @a林华@9lin hua@4译 |
| 702 | 0 | @a蔡长春@9cai chang chun@4译 |
| 801 | 0 | @aCN@b91MARC@c20180513 |
| 905 | @aMuseLib@dF713.36@e1036 | |
| 区块链:通往资产数字化之路=Mastering Bitcoin:unlocking digital cryptocurrencies/(美)安德烈亚斯·安东诺普洛斯(Andreas M. Antonopoulos)著/林华,蔡长春译.-北京:中信出版集团股份有限公司,2018.04 |
| 340页;23cm |
| ISBN 978-7-5086-8208-2:CNY79.00 |
| 本书分为十章,内容包括:欢迎来到比特币世界;比特币是如何工作的;比特币客户端;密山钥、地址、钱包;交易;比特币网络;区块链;挖矿与共识;替代链、替代币、应用程序;比特币安全。 |
| ● |
| 相关链接 |
|
|
|
|
正题名:区块链
索取号:F713.36/1036
 
预约/预借
| 序号 | 登录号 | 条形码 | 馆藏地/架位号 | 状态 | 备注 |
| 1 | 1118019 | 211180194 | 第一样本阅览室/ [索取号:F713.36/1036] | 在馆 | |
| 2 | 1118020 | 211180201 | 第一借阅区/ [索取号:F713.36/1036] | 在馆 | |
| 3 | 1118021 | 211180210 | 第一借阅区/ [索取号:F713.36/1036] | 在馆 | |
| 4 | 1118022 | 211180229 | 第一借阅区/ [索取号:F713.36/1036] | 在馆 | |
| 5 | 1118023 | 211180238 | 第一借阅区/ [索取号:F713.36/1036] | 在馆 |